000 00754cam a22002657a 4500
003 CHAP
005 20220329140358.0
008 971013s r 00010 d
010 _a51152
011 _a52124
035 _a56274
040 _cCHAP
090 _aR-2972
100 0 0 _aWalker, P. A.
_9120887
245 0 _aComputerized choropleth mapping of australian resources data
500 _aSobretiro de: Cartography 13 (4): 243-252, 1984
590 _aBATCH-UPD
_b10
_c20130110
_lUCH01
_h1124
590 _aCONVERSION
_b10
_c20130109
_lUCH01
_h1328
650 1 4 _aMapas.
_971128
650 1 4 _aRecursos naturales.
_995172
700 0 _aCocks, K. D.
_924232
901 _aBK
942 _cREIMP
949 _aR-2972
_bBC
_cR
_d-122998
_eTS1
_i56274
_si
999 _c51152
_d51152